Vzťah Izraela a Palestíny v kontexte medzinárodného práva diplomová práca

Gespeichert in:
Bibliographische Detailangaben
1. Verfasser: Šóth, Samo
Körperschaft: Fakulta medzinárodných vzťahov EU. Katedra medzinárodného práva
Weitere Verfasser: Pyteľová, Klaudia, 1985-
Format: Buch
Sprache:Slowakisch
Veröffentlicht: Bratislava 2017
Tags: Tag hinzufügen
Keine Tags, Fügen Sie das erste Tag hinzu!

MARC

LEADER 00000nbm a2200000 4500
001 0232011
005 20180222154421.4
041 0 |a slo 
044 |a SK 
245 1 0 |a Vzťah Izraela a Palestíny v kontexte medzinárodného práva  |b diplomová práca  |c Samo Šóth ; školiteľ: Klaudia Pyteľová 
264 1 |a Bratislava  |c 2017 
300 |a 65 s. 
100 1 |a Šóth, Samo 
700 1 |a Pyteľová, Klaudia, 1985- 
710 2 |a Fakulta medzinárodných vzťahov EU. Katedra medzinárodného práva